[Event "FRA-ch Prelim Gr-B"]
[Site "Besancon"]
[Date "1999.08.19"]
[Round "4"]
[White "Bacrot, Etienne"]
[Black "Fressinet, Laurent"]
[Result "1-0"]
[WhiteElo "2592"]
[BlackElo "2440"]
[Annotator "Lutz,C"]
[PlyCount "73"]
[EventDate "1999.08.16"]
[EventType "tourn"]
[EventRounds "7"]
[EventCountry "FRA"]
[EventCategory "10"]
[SourceTitle "CBM 073"]
[Source "ChessBase"]
[SourceDate "1999.12.01"]
[SourceVersion "1"]
[SourceVersionDate "1999.12.01"]
[SourceQuality "1"]

1. d4 d5 2. c4 c6 3. Nc3 Nf6 4. e3 e6 5. Nf3 Nbd7 6. Bd3 dxc4 7. Bxc4 b5 8. Bd3
Bb7 9. e4 b4 10. Na4 c5 11. e5 Nd5 12. Nxc5 Nxc5 13. dxc5 Bxc5 14. O-O h6 15.
Nd2 Qc7 {Dieser Zug ist Dreevs bevorzugte Fortsetzung. Schwarz hat zwei
wesentliche Alternativen:} (15... O-O 16. Ne4 Bd4 17. Nd6 Bc6 $13 {mit
unklarem Spiel.}) (15... Nc3 $6 16. Qc2 Qd5 17. Nf3 Rd8 18. Ne1 $1 {ist gut
für Weiß.}) 16. Re1 (16. Nc4 O-O (16... O-O-O 17. Qe2 Kb8 18. Bd2 Nb6 19. Na5
Qd7 20. Be4 Bxe4 21. Qxe4 Qd5 22. Qxd5 Rxd5 23. Bxb4 {1/2-1/2 Staniszewski,
P-Matlak,M/Bielsko Biala 1988/EXT 97 (23)}) 17. Bd2 Rfd8 18. Qg4 Kf8 19. Rac1
Nc3 20. bxc3 Rxd3 21. cxb4 Rd4 22. Qg3 Ba6 23. Nd6 Bxf1 24. Rxc5 Qd7 25. Qf3
Rb8 26. Be3 Rdxb4 27. Kxf1 Rb1+ 28. Bc1 Kg8 29. g3 f6 30. Kg2 fxe5 31. Ne4 Rf8
32. Qg4 Kh7 33. Be3 Rf5 34. Ra5 a6 35. Qe2 Qb7 36. Ra4 a5 37. Qc4 Qd5 38. Qxd5
exd5 39. Nc3 Rb2 40. Nxd5 e4 41. Nc3 Rb4 42. Ra3 h5 43. h3 Rc4 44. g4 hxg4 45.
hxg4 Rf8 46. Nd5 {1-0 Shneider,A-Pulkkinen,K/Jyvaskyla 1994/EXT 97 (46)}) (16.
Ne4 Be7 17. Re1 Qxe5 18. Nc5 Qc7 19. Nxb7 Qxb7 20. Qf3 Bf6 21. a3 O-O 22. Qe4
g6 23. Bxh6 Bxb2 {1/2-1/2 Aleksandrov,A-Skudnov,S/Podolsk 1990/TD (23)}) 16...
Rd8 17. Qg4 $5 {Das schwarze Problem in derartigen Strukturen ist der Ke8 und
der Rh8. Der Pe5 schnürt den Königsflügel spürbar ein. Andererseits sind die
übrigen Figuren sehr aktiv. Bacrots Zug ist sehr geschickt. Zunächst bringt
der seine Dame in Angriffsposition. Der Nd2 legt sich noch nicht fest, ob er
nach e4, c4 oder b3 gehen wird. Allerdings schläft der weiße Damenflügel noch,
dies hätte Schwarz ausnutzen sollen.} (17. Ne4 Be7 18. Ng3 g6 19. Bd2 Kf8 20.
Qe2 Kg7 21. Rac1 Qb6 22. Red1 (22. Bc4 Qd4 23. Bb3 h5 24. Red1 Qb6 {1/2-1/2
Epishin,V-Dreev,A/Tilburg 1994/CBM 44 (24)}) 22... a5 23. h3 a4 24. Bb5 Bg5 25.
Bxa4 Nf4 26. Bxf4 Bxf4 27. Rc4 Bxg3 28. Rg4 Qa5 29. Rxd8 Rxd8 30. Bb5 Qxb5 31.
Qxb5 Rd1+ 32. Qf1 Bh2+ 33. Kxh2 Rxf1 34. Rxb4 Bd5 {0-1 Sashikiran,K-Dreev,A/
Linares 1999/CBM 68 ext (34)}) 17... Kf8 18. Qg3 g6 19. h4 Ne7 $2 {Nach diesem
passiven Rückzug kann Weiß sich voll entfalten.} (19... Kg7 20. h5 g5 21. Ne4
Be7 22. f4 $40) (19... Nf4 $1 {wirft einen Schatten auf den weißen Aufbau.} 20.
Qxf4 (20. Bf1 Nh5) 20... Rxd3 21. Nb3 (21. Qf6 Kg8 {nebst ...Be7}) 21... Be7)
20. Nb3 Bb6 21. Bd2 a5 22. Rac1 Qd7 23. Red1 Bd5 (23... Qxd3 $2 24. Bxh6+) 24.
Nc5 Qa7 25. Be3 {Weiß ist voll entwickelt, während Schwarz immer noch Probleme
mit seinem König hat.} Kg7 26. Qf4 Nf5 27. Bxf5 gxf5 (27... exf5 28. e6 Qe7 29.
h5 $40) 28. g4 $1 $16 Qe7 29. gxf5 exf5 30. Kh2 Rh7 31. Bd4 Be4 32. Nxe4 Bxd4
33. Rxd4 $1 {Eine elegante Gewinnkombination.} (33. Ng3 $2 Bxe5 34. Nxf5+ Kf6
35. Rc6+ Qe6 36. Rxe6+ fxe6 37. Qxe5+ Kxe5 38. Rxd8 Kxf5) 33... Rxd4 34. Rg1+
Kf8 (34... Kh8 35. Nf6 $1 Qxf6 36. Qxd4 Qe7 37. e6+ f6 38. Rg6 $18) 35. Nf6 $1
Qxf6 (35... Rxf4 36. Rg8#) 36. Qxd4 Qe7 37. Rc1 {Das Eingreifen des weißen
Turms entscheidet. Nach dem Fehler 19...Ne7? spielte Bacrot sehr kraftvoll.} (
37. Rc1 Qe8 (37... Qe6 38. Qd8+ Qe8 39. Qf6 Rg7 40. Qxf5 Qe6 41. Qxe6 fxe6 42.
Rc8+ Kf7 43. Rc7+ Kg6 44. Rxg7+ Kxg7 45. h5 $18) 38. Qd6+ Kg8 39. Qf6 Qd7 (
39... Rg7 40. Qxf5) 40. Rg1+ Kf8 41. e6 Qd6+ 42. Rg3 {und Schwarz hat keine
Verteidigung gegen 43.e7+ und 44.Rg8+.}) 1-0

[Event "GER-ch 70th"]
[Site "Bremen"]
[Date "1998.11.13"]
[Round "8"]
[White "Huebner, Robert"]
[Black "Mueller, Karsten"]
[Result "1/2-1/2"]
[WhiteElo "2575"]
[BlackElo "2550"]
[Annotator "Lutz,C"]
[PlyCount "144"]
[EventDate "1998.11.06"]
[EventType "swiss"]
[EventRounds "9"]
[EventCountry "GER"]
[SourceTitle "CBM 068"]
[Source "ChessBase"]
[SourceDate "1999.02.01"]
[SourceVersion "1"]
[SourceVersionDate "1999.02.01"]
[SourceQuality "1"]

1. d4 {Hecht} d5 2. c4 c6 3. Nc3 e6 4. e3 Nf6 5. Nf3 Nbd7 6. Bd3 dxc4 7. Bxc4
b5 8. Bd3 Bb7 9. O-O Be7 10. e4 b4 11. Na4 O-O (11... c5 12. e5 Nd5 13. dxc5
Rc8 14. Bd2 O-O 15. a3 a5 16. Qb1 h6 17. Qe1 Bc6 18. Qe4 g6 19. Qg4 Kg7 20.
axb4 Nxb4 21. Bb1 Bxf3 22. Qxf3 Nxc5 23. Rd1 Nxa4 24. Rxa4 Qc7 25. Be4 Rfd8 26.
Raa1 {Nenashev,A-Gurevich,M/Groningen 1997/CBM 62 ext/1-0 (78)}) 12. Qc2 h6 13.
Be3 $146 (13. e5 Nd5 14. Bd2 Nc7 15. Bc4 f5 16. exf6 Bxf6 17. Qg6 Nd5 18. Bxh6
{1-0 Manninen,M-Andolo,H/Elista 1998/CBM 66 ext (18)}) 13... Qa5 14. Rfc1 $14 (
14. a3 $5 bxa3 15. Nc5 {ist vielleicht schon hier möglich, mit Varianten
analog zur Partie.}) 14... Rfc8 15. a3 bxa3 16. Nc5 Bxc5 (16... Nxc5 17. Rxa3)
17. dxc5 Ba6 18. Bxa6 Qxa6 19. Rxa3 Qb7 20. Bf4 $14 {Weiß hat einen spürbaren
Vorteil, da es den schwarzen Figuren an Raum mangelt.} Ne8 21. Rb3 Qa6 22. h3
Rd8 23. Rb4 Nf8 24. Ne5 Nd7 25. Nf3 {Ein Abtausch der Springer nutzt nur dem
Schwarzen.} Nf8 26. Nd4 Ng6 27. Be3 Ne7 28. Qb3 e5 $2 (28... Qc8 $142 $5 $14)
29. Ra4 $2 (29. Nf3 {gewinnt den Pe5:} Rd3 (29... Ng6 30. Rb7 $18) 30. Rc3 Rxc3
31. bxc3 $16) 29... Qc8 30. Nf3 Ng6 31. Rca1 Rd7 32. Ra6 Nf6 33. Qa4 (33. Qc2
$5 {/\ Nd2-c4-d6}) 33... Rc7 34. Nd2 Qe6 35. Qc2 Nh5 {Da die weißen
Schwerfiguren sich am Damenflügel tummeln, können die schwarzen Springer am
Königsflügel etwas Unruhe stiften.} 36. Nc4 Ngf4 37. f3 Rd8 38. Nd6 (38. Rxa7
Rxa7 39. Rxa7 Nxh3+ 40. gxh3 Qxh3 $40) 38... Rdd7 39. Kh2 Qg6 40. g4 Nf6 41.
Bxf4 (41. Qc3 $5 Qg5 (41... Re7 42. Nf5 Red7 43. Qxe5) 42. Nf5) 41... exf4 42.
h4 {Verhindert ...Qg5-h4, aber jetzt steht der weiße König arg luftig.} Nh7 43.
Qc3 Qe6 44. b4 Nf6 45. b5 $5 {Sehr optimistisch.Weiß sollte die Stellung
geschlossen halten.} cxb5 46. Nxb5 Nxg4+ {[%mdl 64]} 47. fxg4 $2 {Jetzt steht
Weiß hart am Abgrund.} (47. Kg1 $5 Rc6 48. Nd4 Rxd4 49. Rxc6 Qe5 50. Rf1 Ne3
51. Re1 Nc4 $13) 47... Qxg4 48. Nxc7 Qe2+ 49. Kh1 Rd3 50. Qxd3 Qxd3 51. c6
Qxe4+ 52. Kh2 Qe2+ 53. Kh1 Qe4+ 54. Kh2 Qe2+ (54... f3 $5 55. Kg3 f5 $17) 55.
Kh1 Qf3+ 56. Kg1 Qg3+ 57. Kf1 f3 {/\ ...Qg2} 58. R1a2 Qxc7 {Hecht: '[#] Der
c-Freibauer bindet die Dame, aber auch die Türme sind an ihn gebunden. Deshalb
plant Weiß die Annäherung mit seinem König, was den Remisschluß bewirkt.'} 59.
Kf2 Qf4 60. R2a4 Qf5 61. Ra3 Qe4 62. Rxf3 Qxh4+ 63. Kg2 Qg4+ 64. Kf2 Qc4 65.
Rfa3 g6 (65... g5 $5 $17) 66. Ke3 Kg7 67. R3a4 Qc5+ 68. Kd3 Qb5+ 69. Kd4 h5 70.
R4a5 Qb8 71. Kc5 Qe5+ 72. Kc4 Qe4+ 1/2-1/2

[Event "Presidents Cup 3.pl"]
[Site "Elista"]
[Date "1998.05.22"]
[Round "5.4"]
[White "Dreev, Alexey"]
[Black "Bareev, Evgeny"]
[Result "1/2-1/2"]
[WhiteElo "2630"]
[BlackElo "2675"]
[Annotator "Lutz,C"]
[PlyCount "47"]
[EventDate "1998.05.07"]
[EventType "k.o."]
[EventRounds "9"]
[EventCountry "RUS"]
[SourceTitle "CBM 065"]
[Source "ChessBase"]
[SourceDate "1998.08.06"]
[SourceVersion "1"]
[SourceVersionDate "1998.08.06"]
[SourceQuality "1"]

1. d4 {Hansen,LB (english notes)} d5 2. c4 c6 3. Nc3 Nf6 4. e3 e6 5. Nf3 Nbd7
6. Bd3 dxc4 7. Bxc4 b5 8. Bd3 Bb7 9. O-O b4 {A solid alternative to 9.-, a6.}
10. Ne4 Be7 11. Nxf6+ Nxf6 12. e4 O-O 13. Qe2 (13. e5 {Hansen,LB} Nd7 $1 {
Much better than 13.-, Nd5. After c6-c5 the N attacks the e5-pawn.} 14. Be4 Rb8
15. Be3 c5 16. Bxb7 Rxb7 17. d5 exd5 18. Qxd5 Rc7 19. e6 Nb6 20. exf7+ Rxf7 21.
Qxd8+ Bxd8 $11 {Gelfand,B-Anand,V/Wijk aan Zee/1998/}) 13... c5 14. dxc5 Rc8 (
14... Nd7 {Hansen,LB is a common alternative.}) 15. a3 {Dier Zug erscheint mir
zu lasch, um Schwarz ernsthaft zu gefährden.} (15. Rd1 $5 {ist interessanter.}
Qc7 16. c6 (16. a3 {Hansen,LB} bxa3 17. b4 a5 18. bxa5 Qxa5 19. Bxa3 Bxc5 20.
Bb2 Qc7 21. Bxf6 gxf6 22. Ba6 Ra8 23. Bxb7 Rxa1 24. Rxa1 Qxb7 $11 {Van der
Sterren,P-Novikov,I/Antwerpen/1997/}) 16... Bxc6 17. Nd4 {1-0 Sadler,
M-Ioseliani,N/WchT 4th 1997/CBM 62/[Lutz] (41)}) 15... bxa3 16. Rxa3 $5 $146 (
16. b4 a5 17. Bxa3 axb4 18. Bxb4 Bxc5 19. Bxc5 {1/2-1/2 Gurieli,N-Novikov,I/
WchT 4th 1997/CBM 62}) 16... Bxc5 17. Rc3 {[%cal Ye4e5,Yd3h7,Yc3h3] In der
Folge entwickelt dieser Turm einige Drohung gegen den schwarzen König, aber
letztlich reicht es nur zum Dauerschach.} Qb6 (17... Nd7 $5 {war ein
prophylaktischer Zug, mit der Idee} 18. e5 $6 Bxf3 19. Qxf3 Nxe5 20. Bxh7+ Kxh7
21. Qh5+ Kg8 22. Qxe5 Bd4 23. Rxc8 Bxe5 24. Rxd8 Rxd8 $15) 18. e5 Bxf3 (18...
Nd5 $2 {Hansen,LB} 19. Bxh7+ $1 (19. Ng5) 19... Kxh7 20. Ng5+ $18) 19. Qxf3 Nd5
20. Rc4 (20. Bxh7+ Kxh7 21. Qh5+ Kg8 22. Rh3 f6 {führt zu nichts.}) (20. Rb3 $5
Qc7 (20... Qxb3 $2 21. Bxh7+) (20... Nb4 $2 21. Bxh7+ Kxh7 22. Qh5+ Kg8 23. Rh3
Bxf2+ 24. Kh1 f6 25. exf6 Rxf6 26. Qh8+ Kf7 27. Qxc8 $18) 21. Qe4 g6 {/\ ...
Rfd8}) 20... Nb4 21. Rg4 (21. Bxh7+ Kxh7 22. Qh5+ Kg8 23. Rh4 Bxf2+ $19) (21.
Be4 {Hansen,LB} Bd4 $11) 21... Bxf2+ (21... Nxd3 $2 22. Qf6 g6 23. Bh6 $18) 22.
Kh1 {/\ Bh6;Rg7->} Rxc1 (22... Nxd3 $2 23. Qf6 $18) 23. Rxg7+ {The safest.
Weiß sieht ein, daß sein Angriff nur zum Dauerschach reicht.} (23. Rxc1 Nxd3
24. Qxd3 Qxb2 {ist ungefährlich für Schwarz.}) 23... Kxg7 24. Qf6+ 1/2-1/2

[Event "FIDE-Wch k.o."]
[Site "Moscow"]
[Date "2001.11.30"]
[Round "2.4"]
[White "Vaganian, Rafael A"]
[Black "Gurevich, Mikhail"]
[Result "1/2-1/2"]
[WhiteElo "2650"]
[BlackElo "2605"]
[Annotator "Lutz,C"]
[PlyCount "67"]
[EventDate "2001.11.27"]
[EventType "k.o."]
[EventRounds "7"]
[EventCountry "RUS"]
[SourceTitle "CBM 086"]
[Source "ChessBase"]
[SourceDate "2002.02.05"]
[SourceVersion "1"]
[SourceVersionDate "2002.02.05"]
[SourceQuality "1"]

1. Nf3 d5 2. d4 Nf6 3. c4 c6 4. Nc3 e6 5. e3 Nbd7 6. Bd3 dxc4 7. Bxc4 b5 8. Bd3
b4 9. Ne4 Nxe4 $5 {Schwarz hat eine unübliche Variante im Sinn.} ({Gewöhnlich
leitet Schwarz mit} 9... Be7 10. O-O Bb7 {zu den Hauptvarianten über.}) 10.
Bxe4 Bb7 11. O-O Bd6 $5 {In diesem Stellungstyp steht der Läufer häufiger auf
e7. Mit dem Läufer auf d6 ergeben sich neue Nuancen:} 12. Nd2 {Einerseits kann
nun Nd2-c4 mit Tempo geschehen, ...} (12. Qc2 $6 Rc8 13. Qd1 f5 14. Bd3 c5 15.
Qe2 Bxf3 16. Qxf3 cxd4 17. exd4 O-O 18. Bf4 Nb6 19. Ba6 Rc7 20. Be5 Nd5 21.
Rac1 Bxe5 22. dxe5 Rxc1 23. Rxc1 Qa5 24. Bc4 $13 {1/2-1/2 Vovsha,E-Blatny,P/
Budapest 1999/EXT 2000 (64)}) (12. Bd2 O-O 13. Rc1 Rc8 14. Qe2 Qb6 15. Rfd1 Be7
16. Be1 Nf6 17. Bb1 c5 18. dxc5 Rxc5 19. Rxc5 Qxc5 20. Nd4 Rd8 21. Nb3 Qb6 22.
Rxd8+ Bxd8 23. f3 Bd5 24. Bf2 Bxb3 25. axb3 Be7 26. Bd3 Bc5 27. Bc4 Ne8 28. Kf1
Nd6 29. Bd3 g6 30. Qd2 f5 31. Bc4 Kf7 32. Bg3 Qc6 33. Qd3 a5 34. Ke2 Ke7 35.
Bh4+ Kf7 36. Bg3 Ke7 37. Bf4 Bb6 38. Bxd6+ Qxd6 39. Qxd6+ Kxd6 40. Bb5 Bd8 41.
f4 {1/2-1/2 Smyslov,V-Botvinnik,M/Moscow 1958/MainBase (41)}) 12... Qc7 {
... andererseits gewinnt Schwarz durch den Angriff gegen h2 ein Tempo.} 13. h3
c5 {Mit der Durchsetzung von ...c6-c5 hat Schwarz schon eine wichtige Etappe
in Richtung Ausgleich geschafft. Er muss nur noch die Felderschwächen auf der
c-Linie beachten.} 14. Bxb7 Qxb7 15. Nc4 Be7 16. dxc5 O-O 17. b3 Bf6 18. c6 $5
{Ein typischer Desperadozug: Da Weiß den c-Bauern sowieso nicht behalten kann,
versucht er wenigstens noch die gegnerischen Figuren schlechter zu stellen.}
Qxc6 19. Bb2 Rfd8 20. Rc1 Qa6 21. Qc2 Bxb2 22. Qxb2 Nf6 $11 {Schwarz hat die
Probleme der Stellung gelöst, er hat ausgeglichen.} 23. Ne5 Rac8 24. Rxc8 Rxc8
25. Rc1 h6 26. Rxc8+ Qxc8 27. Qd4 Qc1+ 28. Kh2 Qc7 29. g3 Nd5 30. Nc4 Qb7 31.
Ne5 Qc7 32. Nc4 Qb7 33. Ne5 Qc7 34. Nc4 1/2-1/2

[Event "Hoogeveen Essent Crown"]
[Site "Hoogeveen"]
[Date "2005.10.24"]
[Round "2"]
[White "Stefanova, Antoaneta"]
[Black "Harikrishna, Pentala"]
[Result "0-1"]
[WhiteElo "2494"]
[BlackElo "2673"]
[Annotator "Lutz,C"]
[PlyCount "80"]
[EventDate "2005.10.21"]
[EventType "tourn"]
[EventRounds "6"]
[EventCountry "NED"]
[EventCategory "16"]
[SourceTitle "CBM 110"]
[Source "ChessBase"]
[SourceDate "2006.01.31"]
[SourceVersion "1"]
[SourceVersionDate "2006.01.31"]
[SourceQuality "1"]

1. d4 d5 2. c4 c6 3. e3 Nf6 4. Nc3 e6 5. Nf3 Nbd7 6. Bd3 dxc4 7. Bxc4 b5 8. Be2
Bb7 9. O-O Be7 10. a3 {Innerhalb des als harmlos geltenden Systems mit 8.Be2
ist dieser Zug auch eher anspruchslos. Interessanter ist die Hauptfortsetzung
10.e4.} (10. e4 b4 11. e5 bxc3 12. exf6 $13) 10... a5 11. Bd2 O-O 12. Qc2 {
Das weiße Spiel richtet sich gegen den rückständigen Pc6.} (12. Qb3 Rb8 13.
Rfd1 b4 14. axb4 axb4 15. Na4 c5 16. Nxc5 Nxc5 17. dxc5 Bxc5 18. Rac1 Qe7 19.
Ne5 Bd6 20. Nc4 Bd5 21. f3 Nh5 22. Be1 Bc5 23. Bf2 Rfd8 24. g4 Nf6 25. e4 Bxf2+
26. Kxf2 Ba8 27. Qe3 h6 28. Ne5 Rxd1 29. Rxd1 Qc7 30. Qd4 Rf8 31. h4 Kh7 32.
Kg2 {1/2-1/2 Bocharov,D-Asrian,K/Istanbul 2003/CBM 96 (32)}) 12... Qb8 {
Auf b8 steht die Dame gut, da so der Rf8 schnell nach c8 gelangt und außerdem
die Diagonale b8-h2 kontrolliert wird.} ({Harakrishna hatte diese Stellung
schon einmal selbst mit den weißen Steinen gespielt:} 12... Qb6 $6 {Hier steht
die schwarze Dame nicht so gut, da nach ...b5-b4 immer Na4 mit Tempogewinn
geschehen kann.} 13. Rfc1 Rfc8 14. Qd1 Qd8 15. Qe1 Bd6 16. Ng5 h6 17. Nge4 Nxe4
18. Nxe4 Bxh2+ 19. Kxh2 Qh4+ 20. Kg1 Qxe4 21. Bxa5 Qg6 22. Bc3 c5 23. f3 cxd4
24. Bxd4 e5 25. Rxc8+ Rxc8 26. Bc3 e4 27. f4 Nc5 28. Qh4 Nd3 29. Qg4 Qxg4 30.
Bxg4 Ra8 31. Rd1 Bd5 32. Be2 Bb3 33. Rd2 Rd8 34. g4 f6 35. Bf1 Kf7 36. Bg2 Bd5
37. Kh2 h5 38. Ba5 Rd7 39. gxh5 g6 40. Bh3 Ra7 41. hxg6+ Kxg6 42. Rg2+ Kf7 43.
Bc3 Be6 44. f5 Bd7 45. Rg6 Nf2 46. Rxf6+ Ke7 47. Rg6 Nxh3 48. Rg7+ Ke8 49. f6
Nf2 50. f7+ {1-0 Harikrishna,P-Smeets,J/Kochin 2004/CBM 103 ext (50)}) 13. Rab1
(13. Rfc1 Rc8 14. Qd1 b4 15. Na4 bxa3 16. bxa3 Qa7 17. Ne5 Nxe5 18. dxe5 Nd7
19. Bc3 Rd8 20. Qe1 Ba6 21. Bd4 c5 22. Bb2 Qc7 $15 23. f4 Qc6 24. Bxa6 Rxa6 25.
Qe2 Rda8 26. Rc4 Nb6 27. Nxb6 Rxb6 28. Rac1 Rab8 29. R1c2 Rb3 30. h3 g6 31. Kh2
Qd5 32. Bc1 Rd3 33. e4 Qd7 34. a4 Bh4 35. Be3 Rb4 36. Rxc5 Rxe4 37. Qg4 Bd8 38.
Bf2 h5 39. Qh4 Bxh4 40. Bxh4 Rxf4 {0-1 Volkov,S-Goloshchapov,A/Ekaterinburg
1999/CBM 75 (40)}) (13. Ne4 Nxe4 14. Qxe4 c5 15. Qb1 Rd8 $1 (15... c4 {Ftacnik}
16. a4 $1) (15... b4 $13 {Ftacnik}) 16. Rd1 (16. Bxb5 {Ftacnik} Bxf3 17. Bxd7
Rxd7 18. gxf3 cxd4 $15) 16... h6 17. Be1 a4 18. b3 Bd5 $15 {0-1 Speelman,
J-Bareev,E/Hastings 1992/CBM 33/[Ftacnik] (57)}) 13... b4 14. Na4 c5 15. Nxc5
Bxc5 $1 {Schwarz gibt den Läufer ab, erhält dafür aber zentrale Felder für
seine Springer und kann seine Bauern am Damenflügel vorrücken.} (15... Nxc5 16.
dxc5 Rc8 17. axb4 axb4 18. Qb3 Rxc5 19. Qxb4 Qc7 20. Qb3 Ng4 21. Rfc1 Bxf3 22.
Bxf3 Qxh2+ 23. Kf1 Rd8 $13 24. Rxc5 Bxc5 25. Rd1 Ne5 26. Be1 Rf8 27. Qb7 Qh1+
28. Ke2 Qh4 29. Rc1 Nxf3 30. Rxc5 Nxe1 31. Kxe1 Qh1+ 32. Ke2 Qb1 33. Rc8 h6 34.
Rxf8+ Kxf8 35. Qc8+ Ke7 36. Qc3 f6 37. b4 Qa2+ 38. Kf3 Qd5+ 39. e4 Qh5+ 40. Ke3
Qg5+ 41. Ke2 Qxg2 42. Qc7+ Ke8 43. Qc6+ Ke7 44. b5 Qg4+ 45. Ke3 Qg5+ 46. Kd3
Qe5 47. Qb7+ Kd6 48. Qa6+ Kd7 49. Qc6+ Ke7 50. Qb7+ Kd6 51. Qc6+ {1/2-1/2
Yuneev,A-Crouch,C/Yerevan 1996/CBM 52 ext (51)}) 16. dxc5 Be4 17. Bd3 b3 18.
Qc3 Nxc5 19. Bxe4 Ncxe4 20. Qc4 a4 21. Bb4 Rc8 22. Qd4 Qc7 $15 23. Rfc1 $6 {
Schwarz hatte zwar ohnehin schon eine leichte Initative, dieser Zug ist jedoch
zu radikal.} Qxc1+ 24. Rxc1 Rxc1+ {Schwarz hat zwei Türme für die Dame und die
schwache Grundreihe wird Weiß weitere Kopfschmerzen bereiten.} 25. Ne1 e5 $1
26. Qd3 (26. Qxe5 Nxf2) 26... Ng5 $6 (26... Nc5 $5 $17 27. Qd2 Rb1 {/\} 28.
Bxc5 $2 Ne4) 27. Qb5 h6 28. Qxe5 Rd8 29. Qa5 Rdd1 30. h4 Nge4 31. f3 Nd5 32.
Qxa4 $2 (32. fxe4 $5 {sieht besser aus, vielleicht ist dann für Weiß noch ein
Unentschieden möglich:} Nxb4 33. axb4 (33. Qxb4 Rxe1+ 34. Kf2 Rf1+ 35. Ke2 Rh1)
33... Rxe1+ 34. Kf2 Ra1 35. e5 $15 {mit Aussichten auf Dauerschach.}) 32...
Nef6 $19 33. Ba5 Nxe3 34. Qxb3 (34. Kh2 Nc2 35. Nxc2 bxc2 $19) 34... Nc2 35.
Qb8+ (35. Kh2 Nxe1 36. Bc3 $5 {Schwarz sollte auch dann gewinnen, muss aber
vorher noch seine Figuren entwirren.}) 35... Kh7 36. Qf4 Nxe1 37. Kh2 Nxf3+ $1
{Setzt den Schlusspunkt.} 38. Qxf3 (38. gxf3 Rc2+ 39. Kh3 Rh1+ 40. Kg3 Nh5+ $19
) 38... Rh1+ 39. Kg3 Rcf1 40. Qe2 g6 {Gegen ...Nh5+ nebst ...f7-f5 gibt es
keine Verteidigung mehr.} 0-1

[Event "Olympiad-34"]
[Site "Istanbul"]
[Date "2000.11.10"]
[Round "13.1"]
[White "Kasimdzhanov, Rustam"]
[Black "Lesiege, Alexandre"]
[Result "1-0"]
[WhiteElo "2690"]
[BlackElo "2584"]
[Annotator "Lutz,C"]
[PlyCount "47"]
[EventDate "2000.10.28"]
[EventType "team-swiss"]
[EventRounds "14"]
[EventCountry "TUR"]
[SourceTitle "EXT 2001"]
[Source "ChessBase"]
[SourceDate "2000.11.22"]
[SourceVersion "1"]
[SourceVersionDate "2000.11.22"]
[SourceQuality "1"]
[WhiteTeam "Uzbekistan"]
[BlackTeam "Canada"]
[WhiteTeamCountry "UZB"]
[BlackTeamCountry "CAN"]

1. d4 d5 2. c4 c6 3. Nf3 Nf6 4. Nc3 e6 5. e3 Nbd7 6. Bd3 dxc4 7. Bxc4 b5 8. Bd3
Bb7 9. O-O b4 10. Ne4 Be7 11. Nxf6+ Nxf6 12. e4 O-O 13. e5 Nd7 14. Be4 Rb8 15.
a3 $5 {Milovs Idee, die trotz ihrer Genialität wahrscheinlich doch nicht so
gefährlich ist, vergleiche die Anmerkung zum 16.Zug von Schwarz.} bxa3 (15...
a5 $6 16. axb4 axb4 17. Qc2 $5 (17. Be3 {Milov,V} c5 18. Bxb7 Rxb7 19. d5 exd5
20. Qxd5 Qb6 21. Nd2 $16) 17... h6 18. Be3 c5 $2 19. Bxb7 Rxb7 20. dxc5 Nxc5
21. Bxc5 Qc8 22. Rfc1 Rc7 23. Ra5 Rd8 24. Ne1 Rd5 25. Nd3 $2 (25. Qa4 $1 $18 {
Lutz}) 25... Qd8 $1 {1/2-1/2 Akesson,R-Grabarczyk,M/Stockholm 2000/CBM 79/
[Lutz] (30)}) 16. b4 $1 {Das ist die Pointe des vorhergehenden Zuges.} a5 $2 (
16... f5 $1 {Die Einschaltung von ...f7-f5 ist wünschenswert für Schwarz, da
dann jegliche weiße Angriffsideen am Königsflügel ausgeschaltet werden und
außerdem das Feld e4 kontrolliert wird. Es scheint mir, als ob 16...f5! die
geniale weiße Idee weitestgehend entkräftet.} 17. Bd3 (17. exf6 Nxf6 {nebst ...
Bxb4}) 17... Nb6 18. Bxa3 Nd5 19. Bc4 Qb6 20. Qd3 Rfd8 21. Rfb1 h6 22. Rb3 Kh8
23. Rab1 Nc7 24. h3 Nd5 25. Kh2 Bc8 26. Qd1 Qc7 27. Kg1 Rb6 28. Ne1 Ba6 29. Bc1
{1/2-1/2 Khalifman,A-Bareev,E/Dortmund 2000/CBM 78 (29)}) (16... h6 $5 {
1-0 Avrukh,B-Vera,R/Istanbul 2000/EXT 2001/[Lutz] (40)}) 17. bxa5 Qxa5 18. Bxa3
Bxa3 $2 (18... Qd8 19. Bxe7 Qxe7 20. Ra7 $16 {1/2-1/2 Milov,V-Hansen,C/Essen
2000/CBM 77/[Milov,V] (50)}) 19. Bxh7+ $1 $18 {Das typische Läuferopfer auf h7,
hier in einer etwas ungewöhnlicheren Form.} Kxh7 20. Ng5+ Kg6 21. Qd3+ f5 (
21... Kxg5 22. f4+ Kh6 23. Qh3+ Kg6 24. f5+ exf5 25. Rf3 f6 26. Rxf5 Rh8 27.
Qg4+ Kf7 28. e6+ $18 {Milov,V}) 22. Nxe6 Ra8 $6 (22... Rfe8 23. Rxa3 Qb4 24.
Nf4+ Kh7 25. Rb1 Qe7 26. Ra7 Nxe5 27. Qxf5+ Kg8 28. dxe5 Qxe5 29. Qxe5 Rxe5 30.
h4 $18) 23. Rfb1 Bc8 24. Rb3 {Schwere Materialverluste sind nicht zu vermeiden.
} 1-0